| 000 | 01136naa a22002777a 4500 | ||
|---|---|---|---|
| 001 | BR7805421 | ||
| 003 | BR-BrBNA | ||
| 005 | 20250714162946.0 | ||
| 007 | ta | ||
| 008 | 250630b bl.|||m| |||| 00| 0 por d | ||
| 040 |
_aBR-BrBNA _bpor _cBiblioteca Nacional de Agricultura |
||
| 041 | _a(Pt) | ||
| 072 |
_aH10; H20 _b4050 |
||
| 090 | _aH10 BR7805421 | ||
| 100 | 1 | _aLordello, L.G.E. | |
| 111 | 1 |
_a3. Reuniao de Nematologia _cMossoro, RN (Brazil) _d16 Jan 1978 |
|
| 245 | 1 | _aNao nos esquecamos dos nematoides de vida livre | |
| 500 | _aResumo dos trabalhos cientificos e conferencias Mendes, B.V. (ed.) Mossoro, RN (Brasil): 1978. p. 55-67 [32 ref.; Summary (En)] (BR7805421-AMS) | ||
| 773 | 0 |
_tResumo dos trabalhos cientificos e conferencias _aMendes, B.V. (ed.). Escola Superior de Agricultura de Mossoro, RN (Brasil);Sociedade Brasileira de Nematologia, Mossoro, RN _wH10 BR7805421 _gMossoro, RN (Brasil), 1978. p. 55-67 |
|
| 650 | _aPraga de planta | ||
| 650 | _aDoenca de planta | ||
| 650 | _aNematoide | ||
| 490 |
_aColecao Mossoroense (Brazil) _vno. 62 |
||
| 942 |
_cAMS _2AGRIS |
||
| 909 |
_a202506 _bLúcia _c55 _dLúcia Elande |
||
| 999 |
_c333131 _d333131 |
||